| 000 | 01382nam a2200265 i 4500 | ||
|---|---|---|---|
| 001 | 115301 | ||
| 003 | ES-MaACL | ||
| 005 | 20230906190412.0 | ||
| 007 | t| | ||
| 008 | 070302s1877 sp ||||1| spa d | ||
| 100 | 1 |
_aParis, Friedrich August. _989135 |
|
| 245 | 1 | 0 |
_aTratado de táctica aplicada _b: redactado con arreglo al programa de estudios de las escuelas de guerra prusianas / _cpor J. [i.e. F.] A. Paris... ; traducido de la quinta edición alemana por Felipe Tournelle. |
| 260 |
_a[Madrid : _bBiblioteca militar, _c1877 ( _eMadrid : _fTip.-Esterotipia Perojo]) |
||
| 300 |
_a4 v.(VII, XV, 247; 284; 264; 280) ; _c18 cm. |
||
| 490 | 1 |
_aBiblioteca militar ; _vt. 9-12 |
|
| 500 | _aLos v. 1, 2 y 4 incluyen la publicación mensual Crónica de la guerra de Oriente correspondientes a los meses de sept., nov. y dic. de 1877. | ||
| 500 | _aLos v. 2 y 4 incluyen los cinco primeros capítulos de: Apuntes sobre la última guerra en Cataluña (1872-1875)/ por Joaquín de la Llave y García. | ||
| 700 | 1 |
_aTournelle, Felipe. _9111144 |
|
| 700 | 1 |
_aLlave y García, Joaquín de la. _972734 |
|
| 740 | 0 | _aCrónica de la guerra de Oriente. | |
| 740 | 0 | _aApuntes sobre la última guerra de Cataluña. | |
| 830 | 0 |
_aBiblioteca militar ; _vt. 9-12 _9181165 |
|
| 852 |
_aES-MaACL _jG-8059-62 _z.-- Enc. editorial tela de colores con hierros dorados |
||
| 999 |
_c115301 _d115301 |
||